000 00526nam a2200169 i 4500
001 55884
003 ES-MaACL
005 20230906163233.0
007 t|
008 030930s1909 sp ||||1| spa d
100 1 _aDíaz-Caneja, Juan.
_944192
245 1 0 _aApuntes sobre la emigración castellana /
_cJuan Díaz-Caneja ; con un prólogo de Adolfo A. Buylla.
260 _aPalencia :
_bGutiérrez Liter y Henero,
_c1909.
300 _aVI, 145 p. ;
_c23 cm.
700 1 _aBuylle, Adolfo A.
_932993
852 _aES-MaACL
_jF-836
999 _c55884
_d55884